000 01340nam0a2200385 4500
001 RU\NLR\bibl\517064
005 20250609144016.0
010 _a5-98366-002-0
_bв обл.
021 _aRU
_b2004-295
_917
035 _aRSL-KNO-002402870
035 _a(NLR Aleph) 000509490
090 _a1224147
_c1224147
100 _a20040303d2003 |||y0rusy50 ca
101 1 _arus
_ceng
102 _aRU
105 _aa |||||||||
106 _ar
200 1 _aАнализ измерительных систем
_eСправ. рук.
_f[Пер. с англ.: А.Н. Баннов и др.]
205 _a3-е изд.
210 _aН. Новгород
_cПриоритет
_d2003
215 _a225 с.
_cил.
_d30
313 _aв автомоб. промышл.
320 _aБиблиогр.: с. 211-213 (43 назв.)
320 _aАлф. указ.: с. 219-223
606 0 _aАвтомобилестроение
_jСправочники
_xКонтрольно-измерительные приборы
_9887825
_3RU\NLR\auth\66281
686 _aЗ965.07я22
_2rubbk
686 _aО33-06-7с-5я22
702 1 _aБаннов
_bА. Н.
_4730
801 0 _aRU
_bRuMoRKP
_c20040303
_gPSBO
801 1 _aRU
_bRuMoRKP
_c20040303
801 2 _aRU
_bNLR
_c20040505
_gPSBO
942 _cBOOK
980 _aNB